<?xml version="1.0" encoding="UTF-8"?><?xml-stylesheet type="text/xsl" href="static/style.xsl"?><OAI-PMH xmlns="http://www.openarchives.org/OAI/2.0/" xmlns:xsi="http://www.w3.org/2001/XMLSchema-instance" xsi:schemaLocation="http://www.openarchives.org/OAI/2.0/ http://www.openarchives.org/OAI/2.0/OAI-PMH.xsd"><responseDate>2026-06-01T16:24:34Z</responseDate><request verb="GetRecord" identifier="oai:riuma.uma.es:10630/23466" metadataPrefix="marc">https://riuma.uma.es/rest/oai/request</request><GetRecord><record><header><identifier>oai:riuma.uma.es:10630/23466</identifier><datestamp>2026-02-03T10:22:57Z</datestamp><setSpec>com_10630_1685</setSpec><setSpec>col_10630_38055</setSpec></header><metadata><record xmlns="http://www.loc.gov/MARC21/slim" xmlns:dcterms="http://purl.org/dc/terms/" xmlns:doc="http://www.lyncode.com/xoai" xmlns:xsi="http://www.w3.org/2001/XMLSchema-instance" xsi:schemaLocation="http://www.loc.gov/MARC21/slim http://www.loc.gov/standards/marcxml/schema/MARC21slim.xsd">
   <leader>00925njm 22002777a 4500</leader>
   <datafield ind2=" " ind1=" " tag="042">
      <subfield code="a">dc</subfield>
   </datafield>
   <datafield ind2=" " ind1=" " tag="720">
      <subfield code="a">Mejía Jiménez, Miguel</subfield>
      <subfield code="e">author</subfield>
   </datafield>
   <datafield ind2=" " ind1=" " tag="260">
      <subfield code="c">2021-09</subfield>
   </datafield>
   <datafield ind2=" " ind1=" " tag="520">
      <subfield code="a">Educar a la población en torno a la Inteligencia Artificial (IA), sus posibilidades,&#xd;
sus riesgos y su alcance real, es una necesidad del siglo XXI cuya urgencia crece&#xd;
cada día. La aportación de la Universidad de Málaga en esta línea de trabajo es&#xd;
una plataforma de enseñanza en línea desarrollada por el Dpto. de Lenguajes y&#xd;
Ciencias de la Computación: ToolboX.Academy.&#xd;
El propósito de este trabajo es estudiar la posibilidad de incluir algoritmos&#xd;
de IA entre los contenidos que se enseñan en la plataforma. Para ello, se realiza&#xd;
un análisis formal del entorno sobre el que definir estos algoritmos, se listan los&#xd;
problemas de IA clásica con potencial didáctico que han sido considerados y se&#xd;
justifica la selección de aquellos que se han implementado. A continuación, se&#xd;
exponen los resultados del trabajo, tanto los de la versión prototipo como los de la&#xd;
versión final del módulo de enseñanza dedicado a IA. Dichos resultados incluyen&#xd;
el código escrito para las librerías de la plataforma y las tareas que conforman el&#xd;
módulo de enseñanza. La conclusión del trabajo expone qué dificultades se han&#xd;
afrontado y las toma de referencia para señalar los retos que aparecerían en la&#xd;
implementación de nuevos algoritmos. Por último, se plantean algunas maneras&#xd;
de abordar la extensión del módulo de IA en la plataforma y las modificaciones&#xd;
que esto exigiría en la misma.</subfield>
   </datafield>
   <datafield ind1="8" ind2=" " tag="024">
      <subfield code="a">https://hdl.handle.net/10630/23466</subfield>
   </datafield>
   <datafield tag="653" ind2=" " ind1=" ">
      <subfield code="a">Inteligencia artificial</subfield>
   </datafield>
   <datafield tag="653" ind2=" " ind1=" ">
      <subfield code="a">Grado en Ingeniería Informática - Trabajos Fin de Grado</subfield>
   </datafield>
   <datafield tag="653" ind2=" " ind1=" ">
      <subfield code="a">Informática - Trabajos Fin de Grado</subfield>
   </datafield>
   <datafield ind2="0" ind1="0" tag="245">
      <subfield code="a">Enseñanza de algoritmos de inteligencia artificial en una plataforma para aprendizaje en-línea de la programación</subfield>
   </datafield>
</record>
</metadata></record></GetRecord></OAI-PMH>